| 000 | 00828aam a2200337 4500 | ||
|---|---|---|---|
| 005 | 20231010125729.0 | ||
| 008 | 150721b2005 xxu||||| |||| 00| 0 spa d | ||
| 020 | _a9968918067 | ||
| 041 | _aESP | ||
| 082 | _a511.33 J61i4 | ||
| 100 |
_aJiménez Santamaría, Reinaldo _915469 |
||
| 245 | _aIntroducción a la teoría de las funciones | ||
| 250 | _a4 edición | ||
| 260 | _aCosta Rica | ||
| 260 | _bAcademia de Matemática | ||
| 260 | _c2005 | ||
| 300 | _a464 páginas | ||
| 650 | _aFUNCIONES | ||
| 650 | _aMATEMÁTICAS | ||
| 650 | _aCÁLCULO | ||
| 650 | _aMÁXIMO DOMINIO REAL | ||
| 650 | _aFUNCIÓN LINEAL | ||
| 650 | _aRECTAS PARALELAS | ||
| 650 | _aLOGARITMOS | ||
| 942 |
_cBK _2ddc |
||
| 999 |
_c201 _d201 |
||